MARC

LEADER 00000nam0a2200000 4500
001 367827
005 20231102012025.0
035 |a (RuTPU)RU\TPU\retro\25190 
090 |a 367827 
100 |a 20220323d1979 m y0rusy50 ca 
101 0 |a rus 
102 |a RU 
105 |a a j 000zy 
200 1 |a Технический анализ нефтепродуктов и газа  |e учебное пособие для средних специальных учебных заведений  |f Б. В. Белянин, В. Н. Эрих 
205 |a 4-е изд., перераб. 
210 |a Ленинград  |c Химия  |d 1979 
215 |a 222 с.  |c ил. 
606 1 |a Нефтепродукты  |x Анализ  |2 stltpush  |3 (RuTPU)RU\TPU\subj\34247  |9 56247 
610 1 |a учебные пособия 
610 1 |a технический анализ 
610 1 |a газы 
610 1 |a хроматография 
610 1 |a нефть 
610 1 |a нефтяные топлива 
610 1 |a нефтяные масла 
610 1 |a твердые нефтепродукты 
610 1 |a смазки 
610 1 |a нефтехимический синтез 
610 1 |a катализаторы 
610 1 |a техническая вода 
610 1 |a сточные воды 
675 |a 665.71(075.4)  |v 4 
700 1 |a Белянин  |b Б. В.  |g Борис Владимирович 
701 1 |a Эрих  |b В. Н.  |g Владимир Николаевич 
801 1 |a RU  |b 63413507  |c 20220323 
942 |c BK